00402pab a2200157 454500008004500000100001800045245004800063260001400111300001300125362001200138650001900150650001900169650001800188650001000206773002800216180718b2001-2002 xxu||||| |||| 00| 0 eng d aSimha, S.L.N. a"Money income prices in 19th century India" c2001-2002 ap.86-95. aJan-Mar aPrices - India aIncome - India aMoney - India aMoney aIndian Economic Journal